Eastern Utah Libraries Catalog: Duchesne, Heber, Roosevelt, & Vernal

Goliath / (Record no. 78708)

MARC details
000 -LEADER
fixed length control field 01619cam a2200445 a 4500
001 - CONTROL NUMBER
control field BK0009468606
003 - CONTROL NUMBER IDENTIFIER
control field DLC
005 - DATE AND TIME OF LATEST TRANSACTION
control field 20241220131123.0
008 - FIXED-LENGTH DATA ELEMENTS--GENERAL INFORMATION
fixed length control field 110513s2011 nyu d 000 1 eng d
010 ## - LIBRARY OF CONGRESS CONTROL NUMBER
LC control number 2011015892
020 ## - INTERNATIONAL STANDARD BOOK NUMBER
International Standard Book Number 9781416971771 : HRD
Terms of availability 19.99
020 ## - INTERNATIONAL STANDARD BOOK NUMBER
International Standard Book Number 1416971777 : HRD
Terms of availability 19.99
037 ## - SOURCE OF ACQUISITION
Source of stock number/acquisition Simon & Schuster, 100 Front st, Riverside, NJ, USA, 08075-7500
Note SAN 200-2442
040 ## - CATALOGING SOURCE
Original cataloging agency DLC
Transcribing agency DLC
Modifying agency DLC
Description conventions rda
050 00 - LIBRARY OF CONGRESS CALL NUMBER
Classification number PZ7.W5197
Item number Go 2011
082 00 - DEWEY DECIMAL CLASSIFICATION NUMBER
Classification number [Fic]
Edition number 22
092 ## - LOCALLY ASSIGNED DEWEY CALL NUMBER (OCLC)
Classification number FIC
100 1# - MAIN ENTRY--PERSONAL NAME
Personal name Westerfeld, Scott.
9 (RLIN) 31843
Relator term author
245 10 - TITLE STATEMENT
Title Goliath /
Statement of responsibility, etc written by Scott Westerfeld ; illustrated by Keith Thompson.
246 30 - VARYING FORM OF TITLE
Title proper/short title Leviathan
246 30 - VARYING FORM OF TITLE
Title proper/short title Leviathan Book Three
246 30 - VARYING FORM OF TITLE
Title proper/short title Leviathan Book 3
250 ## - EDITION STATEMENT
Edition statement 1st Simon Pulse hardcover ed.
260 ## - PUBLICATION, DISTRIBUTION, ETC. (IMPRINT)
Place of publication, distribution, etc New York :
Name of publisher, distributor, etc Simon Pulse,
Date of publication, distribution, etc 2011.
264 #1 - Production, Publication, Distribution, Manufacture, and Copyright Notice.
Place of production, publication, distribution, manufacture New York :
Name of producer, publisher, distributor, manufacturer Simon Pulse,
Date of production, publication, distribution, manufacture, or copyr 2011.
300 ## - PHYSICAL DESCRIPTION
Extent 543 p. :
Other physical details ill. ;
Dimensions 24 cm.
336 ## - Content Type
Content type term text
337 ## - Media type
Media type term unmediated
338 ## - Carrier type
Carrier type term volume
440 ## - SERIES STATEMENT/ADDED ENTRY--TITLE
Title Leviathan :
Volume number/sequential designation Book 3.
9 (RLIN) 6366832
500 ## - GENERAL NOTE
General note Sequel to: Behemoth.
520 ## - SUMMARY, ETC.
Summary, etc Alek and Deryn encounter obstacles on the last leg of their round-the-world quest to end World War I, reclaim Alek's throne as prince of Austria, and finally fall in love.
650 #1 - SUBJECT ADDED ENTRY--TOPICAL TERM
Topical term or geographic name as entry element Imaginary creatures
Form subdivision Fiction.
9 (RLIN) 5676050
650 #1 - SUBJECT ADDED ENTRY--TOPICAL TERM
Topical term or geographic name as entry element Princes
Form subdivision Fiction.
9 (RLIN) 5678712
650 #1 - SUBJECT ADDED ENTRY--TOPICAL TERM
Topical term or geographic name as entry element War
Form subdivision Fiction.
9 (RLIN) 5795454
650 #1 - SUBJECT ADDED ENTRY--TOPICAL TERM
Topical term or geographic name as entry element Genetic engineering
Form subdivision Fiction.
9 (RLIN) 5673840
650 #1 - SUBJECT ADDED ENTRY--TOPICAL TERM
Topical term or geographic name as entry element Science fiction.
9 (RLIN) 6224682
700 1# - ADDED ENTRY--PERSONAL NAME
Personal name Thompson, Keith,
Dates associated with a name 1982-
Relator term ill.
9 (RLIN) 5908304
942 ## - ADDED ENTRY ELEMENTS (KOHA)
Source of classification or shelving scheme Dewey Decimal Classification
Koha item type BOOK
Holdings
Withdrawn status Lost status Source of classification or shelving scheme Damaged status Not for loan Collection code Home library Current library Shelving location Date acquired Source of acquisition Serial Enumeration / chronology Total Checkouts Full call number Barcode Date last seen Date checked out Cost, replacement price Price effective from Koha item type
    Dewey Decimal Classification     Young Adult Fiction Wasatch County Library Wasatch County Library Main Floor Teen Area 02/13/2024 Amazon #3 Leviathan 1 YA Westerfeld 34301002065730 12/04/2025 11/22/2025 19.99 02/13/2024 BOOK
This project was made possible through a grant from the Institute of Museum and Library Service administered by the Utah State Library Division.

Wasatch County Library

  • 465 East 1200 South, Heber City, Utah 84032
  • Phone 435-654-1511 | Fax 435-654-6456

Hours

  • Monday - Friday 9:30 AM - 8:00 PM
  • Saturday 9:30 AM - 1:30 PM
  • Closed Sundays and Holidays